00841cam a2200229 a 4500001000800000005001700008008004100025010001700066020001500083040001800098041000800116080002000124082002400144100000700168101000800175245019400183504004100377906004500418942001200463999001700475952011900492301564720180202080446.0940718s1994 wiua b 100 0 eng  a 94031647  a0891188142 aDLCcDLCdDLC aeng a551.305011 BRY00a551.305011 BRY220 a42 aGEO00aQuantitative modeling of soil forming processes :ceditors, R.B. Bryant and R.W. Arnold ; organizing committee, R.B. Bryant, R.W. Arnold, M.R. Hoosbeek ; editor-in-chief, SSSA, J.M. Bigham. aIncludes bibliographical references. a7bcbccorignewd1eocipf19gy-gencatlg 2ddccBK c41675d41675 00102ddc40708PËKGa002b002cPËKGd2018-02-02l0o551.305011 BRYp002-2997552r2018-02-02w2018-02-02yBK